000 00713nam a22001817a 4500
999 _c18479
_d18479
003 AR-CdUCM
008 190514b ||||| |||| 00| 0 spa d
040 _aMUNICIPALIDAD PROVINCIAL DEL CUSCO
_cBIBLIOTECA MUNICIPAL DEL CUSCO
082 _a869.51 /
_bZ78
100 _aZevallos, Maria Zulema
_939091
245 _aSondeando en la Literatura Autóctona peruana /
260 _aLima :
_bConcytec,
_c1990.
300 _a306 páginas ;
_c21 cm.
505 _aLa literatura prehispanica en el Perú -- Importancia de la educación actual -- Mapa del tahuantinsuyo -- El runa simi -- La tradición -- Paralelo entre los grupos grupos...
650 _aLiteratura peruana.
_9169
942 _2ddc
_cLIBROS
945 _awfj